[Event "Daro"]
[Site "SchemingMind.com"]
[Date "2016.01.02"]
[Round "-"]
[White "chesshub"]
[Black "Scooter"]
[Result "1-0"]
[WhiteCountry "FRA"]
[BlackCountry "USA"]
[WhiteElo "2561"]
[WhiteRD "79"]
[BlackElo "1677"]
[BlackRD "48"]
[GameID "392747"]

1. e4 c6 2. d4 d5 3. e5 Bf5 4. Nf3 e6 5. Be2 Nd7 6. O-O c5 7. c4 Bxb1 8. Rxb1 cxd4 9. cxd5 exd5 10. b4 a6
11. Re1 g6 12. e6 fxe6 13. Nxd4 e5 14. Ne6
1-0

[Event "Daro"]
[Site "SchemingMind.com"]
[Date "2016.01.02"]
[Round "-"]
[White "Scooter"]
[Black "chesshub"]
[Result "0-1"]
[WhiteCountry "USA"]
[BlackCountry "FRA"]
[WhiteElo "1712"]
[WhiteRD "48"]
[BlackElo "2548"]
[BlackRD "75"]
[GameID "392748"]

1. d4 Nf6 2. Nf3 e6 3. Bg5 h6 4. Bxf6 Qxf6 5. e3 c5 6. c3 d5 7. Be2 Nc6 8. O-O Bd6 9. Nbd2 O-O 10. e4 cxd4
11. cxd4 Nxd4 12. Nxd4 Qxd4 13. exd5 exd5 14. b3 Qb4 15. Nf3 Re8 16. Nd4 Be5 17. Nc2 Qd6 18. g3 Bxa1
0-1

[Event "Daro"]
[Site "SchemingMind.com"]
[Date "2016.01.03"]
[Round "-"]
[White "Simon Green"]
[Black "frankly"]
[Result "0-1"]
[WhiteCountry "ENG"]
[BlackCountry "ENG"]
[WhiteElo "1639"]
[WhiteRD "60"]
[BlackElo "2443"]
[BlackRD "54"]
[GameID "393093"]

1. d4 Nf6 2. e3 g6 3. Bd3 Bg7 4. f4 O-O 5. Nf3 d6 6. O-O Nc6 7. c3 e5 8. fxe5 dxe5 9. Bc2 e4 10. Ng5 Bf5
11. Nd2 Qe7 12. Nb3 Nd5 13. Nh3 Bxh3 14. gxh3 b6 15. Bd2 f5 16. Qe1 f4 17. exf4 e3 18. Bxe3 Nxe3 19. Rf2 Bh6 20. Bd3 Rxf4
21. Rxf4 Bxf4 22. Qf2 Qg5+ 23. Kh1 Qd5+ 24. Kg1 Rf8 25. Qe2 Qe6 26. Bc4 Qxc4 27. Qxc4+ Nxc4 28. Rb1 Be3+ 29. Kg2 Rf2+
0-1

[Event "Daro"]
[Site "SchemingMind.com"]
[Date "2016.01.03"]
[Round "-"]
[White "frankly"]
[Black "Simon Green"]
[Result "1-0"]
[WhiteCountry "ENG"]
[BlackCountry "ENG"]
[WhiteElo "2443"]
[WhiteRD "54"]
[BlackElo "1639"]
[BlackRD "60"]
[GameID "393094"]

1. d4 e6 2. c4 d5 3. Nc3 Nf6 4. Bg5 Be7 5. e3 c6 6. Nf3 O-O 7. Qc2 Nbd7 8. Rd1 b6 9. Bd3 Ba6 10. cxd5 Bxd3
11. Qxd3 cxd5 12. O-O Rc8 13. Rc1 Rc6 14. Bxf6 Nxf6 15. Qa6 Qd7 16. Ne5 Qd6 17. Nb5 Rxc1 18. Nxd6 Rxf1+ 19. Kxf1 Bxd6 20. Nc6 Bxh2
21. g3 Ne4 22. Kg2 Bxg3 23. Ne7+ Kh8 24. fxg3 g6 25. a4 f5 26. Qxa7 Kg7 27. Nxf5+ Kf6 28. Qe7+
1-0

[Event "Daro"]
[Site "SchemingMind.com"]
[Date "2016.01.08"]
[Round "-"]
[White "Evans9EN"]
[Black "Wojtek26"]
[Result "1-0"]
[WhiteCountry "WLS"]
[BlackCountry "POL"]
[WhiteElo "1946"]
[WhiteRD "110"]
[BlackElo "1450"]
[BlackRD "75"]
[GameID "393332"]

1. d4 d5 2. c4 e6 3. Nc3 Nf6 4. Bg5 Bb4 5. e3 O-O 6. Nf3 h6 7. Bh4 g5 8. Bg3 Ne4 9. Qc2 Nxg3 10. hxg3 Kg7
11. O-O-O Nc6 12. Kb1 Qf6 13. cxd5 Bxc3 14. dxc6 Ba5 15. Ne5 bxc6 16. Bd3 Rb8 17. Ng4 Qe7 18. Rxh6 Qb4 19. Rh7+ Kg8 20. Nf6#
1-0

[Event "Daro"]
[Site "SchemingMind.com"]
[Date "2016.01.08"]
[Round "-"]
[White "Wojtek26"]
[Black "Evans9EN"]
[Result "0-1"]
[WhiteCountry "POL"]
[BlackCountry "WLS"]
[WhiteElo "1450"]
[WhiteRD "75"]
[BlackElo "1946"]
[BlackRD "110"]
[GameID "393333"]

1. d4 Nf6 2. c4 e6 3. e3 b6 4. Nf3 Bb7 5. Be2 Be7 6. O-O O-O 7. a3 c5 8. b4 cxb4 9. axb4 Bxb4 10. Ba3 Bxa3
11. Rxa3 a5 12. Ne5 Nc6 13. Nxc6 Bxc6 14. Bf3 Bxf3 15. Qxf3 Rc8 16. Nd2 d5 17. cxd5 Nxd5 18. Ne4 f5 19. Ng3 b5 20. Rfa1 a4
21. Rb1 Qd6 22. Rxb5 Rc1+ 23. Nf1 Qxa3
0-1

[Event "Daro"]
[Site "SchemingMind.com"]
[Date "2016.01.09"]
[Round "-"]
[White "JAHI"]
[Black "Quaff"]
[Result "1-0"]
[WhiteCountry "INT"]
[BlackCountry "ENG"]
[WhiteElo "2075"]
[WhiteRD "54"]
[BlackElo "1633"]
[BlackRD "69"]
[GameID "393471"]

1. c3 e5 2. Qc2 d5 3. d3 h6 4. Nd2 Nf6 5. e3 Bd6 6. Ne2 Be6 7. d4 e4 8. h3 Nbd7 9. a3 Nh7 10. c4 c6
11. c5 Bc7 12. b3 O-O 13. b4 f5 14. Rb1 b6 15. cxb6 Bxb6 16. Qxc6 Bf7 17. Nb3 Rc8 18. Qd6 Nhf6 19. Nc5 Bxc5 20. dxc5 Ne8
21. Qg3 Ndf6 22. Nd4 Nh5 23. Qe5 Bg6 24. Ba6 Rxc5 25. bxc5 Qa5+ 26. Bd2 Qxa6 27. c6 Qc8 28. Rb8
1-0

[Event "Daro"]
[Site "SchemingMind.com"]
[Date "2016.01.09"]
[Round "-"]
[White "Quaff"]
[Black "JAHI"]
[Result "0-1"]
[WhiteCountry "ENG"]
[BlackCountry "INT"]
[WhiteElo "1610"]
[WhiteRD "71"]
[BlackElo "1998"]
[BlackRD "84"]
[GameID "393472"]

1. e4 c6 2. f4 Qc7 3. d4 d6 4. Nf3 Nd7 5. Bd3 e6 6. Be3 d5 7. e5 c5 8. c3 c4 9. Bc2 f6 10. Nh4 g6
11. f5 exf5 12. Nxf5 gxf5 13. Qh5+ Kd8 14. exf6 Ndxf6 15. Qf3 Bh6 16. Nd2 Qe7
0-1

[Event "Daro"]
[Site "SchemingMind.com"]
[Date "2016.01.13"]
[Round "-"]
[White "maro"]
[Black "Transcendent"]
[Result "0-1"]
[WhiteCountry "MEX"]
[BlackCountry "ENG"]
[WhiteElo "1392"]
[WhiteRD "59"]
[BlackElo "1656"]
[BlackRD "56"]
[GameID "393486"]

1. e4 c6 2. d4 d5 3. e5 Bf5 4. Bd3 Bxd3 5. Qxd3 e6 6. Nf3 c5 7. Qb5+ Qd7 8. Qxd7+ Nxd7 9. O-O cxd4 10. Nxd4 Nxe5
11. Bf4 Nc6 12. Nb5 Rc8 13. Nc7+ Kd7 14. Nb5 a6 15. N5c3 Nf6 16. Nd2 Bb4 17. Na4 e5 18. Bg5 Ba5 19. Nc5+ Kc7 20. c3 Nd7
21. Nxd7 Kxd7 22. b4 Bb6 23. a4 f6 24. Bh4 Ne7 25. g4 Rxc3 26. a5 Bd4 27. Kg2 g5 28. Bg3 h5 29. gxh5 Rxh5 30. Nf3 Rxf3
31. Kxf3 f5 32. Rfe1 e4+ 33. Kg2 f4 34. Red1 Bxa1
0-1

[Event "Daro"]
[Site "SchemingMind.com"]
[Date "2016.01.13"]
[Round "-"]
[White "Transcendent"]
[Black "maro"]
[Result "1-0"]
[WhiteCountry "ENG"]
[BlackCountry "MEX"]
[WhiteElo "1656"]
[WhiteRD "56"]
[BlackElo "1392"]
[BlackRD "59"]
[GameID "393487"]

1. d4 e6 2. c4 Bb4+ 3. Bd2 Bxd2+ 4. Nxd2 Nf6 5. Ngf3 O-O 6. e3 b6 7. e4 Ba6 8. e5 Ng4 9. h3 Nh6 10. Bd3 d6
11. exd6 Qxd6 12. Qc2 Bb7 13. Bxh7+ Kh8 14. Be4 Bxe4 15. Qxe4 c6 16. O-O Nd7 17. Ng5 g6 18. Ndf3 Rae8 19. Rfe1 Nf6 20. Qe5 Qd8
21. Ne4 Ng8 22. g4 Kh7 23. Nfg5+ Kh6 24. h4 Nxg4 25. Qh8#
1-0

[Event "Daro"]
[Site "SchemingMind.com"]
[Date "2016.02.03"]
[Round "-"]
[White "Barry Hampton"]
[Black "redmike"]
[Result "0-1"]
[WhiteCountry "ENG"]
[BlackCountry "SCO"]
[WhiteElo "1779"]
[WhiteRD "118"]
[BlackElo "2125"]
[BlackRD "73"]
[GameID "394973"]

1. Nf3 Nf6 2. g3 g6 3. Bg2 Bg7 4. O-O O-O 5. d3 d5 6. Nbd2 c6 7. e4 e6 8. e5 Nfd7 9. d4 c5 10. c3 Nc6
11. Re1 Qb6 12. Nb3 a5 13. a4 cxd4 14. cxd4 Qc7 15. Bf4 b6 16. Qc2 Bb7 17. Rac1 Rac8 18. Re3 Qb8 19. Rc3 Nb4 20. Qb1 Ba6
21. Rxc8 Rxc8 22. Rxc8+ Qxc8 23. Nbd2 Bd3 24. Qa1 Qc6 25. b3 Qc2 26. Ne1 Qc6 27. Nxd3 Nxd3 28. Be3 f6 29. Qf1 Nb4 30. f4 Qc3
31. Qe2 Nc2 32. Kf2 Nxd4 33. Qg4 Nf5 34. Qe2 d4
0-1

[Event "Daro"]
[Site "SchemingMind.com"]
[Date "2016.02.03"]
[Round "-"]
[White "redmike"]
[Black "Barry Hampton"]
[Result "1-0"]
[WhiteCountry "SCO"]
[BlackCountry "ENG"]
[WhiteElo "2125"]
[WhiteRD "73"]
[BlackElo "1779"]
[BlackRD "118"]
[GameID "394974"]

1. d4 e6 2. c4 d5 3. Nc3 Nf6 4. cxd5 exd5 5. Bg5 Be7 6. e3 O-O 7. Bd3 c6 8. Qc2 Nbd7 9. Nf3 Re8 10. O-O Nf8
11. Bxf6 Bxf6 12. h3 g6 13. b4 Bd7 14. b5 Qc7 15. Nxd5 Qd6 16. Nxf6+ Qxf6 17. Ne5 cxb5 18. Nxd7 Nxd7 19. Bxb5 Rec8 20. Qb3 Nb6
21. a4 a6 22. Bd3 Rc7 23. a5 Nc8 24. Rac1 Rd7 25. Rc5 b6 26. axb6 Nxb6 27. Be4 Raa7 28. Rc6 Qe7 29. Bxg6 hxg6 30. Rxg6+ Kf8
31. Rxb6 Rdb7 32. Rb1
1-0

[Event "Daro"]
[Site "SchemingMind.com"]
[Date "2016.02.11"]
[Round "-"]
[White "emvarela"]
[Black "dadshane2000"]
[Result "0-1"]
[WhiteCountry "ARG"]
[BlackCountry "USA"]
[WhiteElo "1695"]
[WhiteRD "48"]
[BlackElo "1929"]
[BlackRD "94"]
[GameID "395087"]

1. e4 e5 2. Nf3 Nc6 3. Bb5 a6 4. Bxc6 dxc6 5. O-O Qd6 6. d3 f6 7. Nc3 Bg4 8. h3 Bh5 9. g4 Bf7 10. Bd2 Ne7
11. a3 h5 12. g5 Be6 13. gxf6 gxf6 14. Kh2 Qd7 15. Ng1 f5 16. Bg5 f4 17. Bxe7 Bxe7 18. f3 O-O-O 19. Rf2 Bh4 20. Rg2 Bg3+
21. Rxg3 fxg3+ 22. Kxg3 h4+ 23. Kh2 Rdg8
0-1

[Event "Daro"]
[Site "SchemingMind.com"]
[Date "2016.02.11"]
[Round "-"]
[White "dadshane2000"]
[Black "emvarela"]
[Result "1-0"]
[WhiteCountry "USA"]
[BlackCountry "ARG"]
[WhiteElo "1904"]
[WhiteRD "89"]
[BlackElo "1680"]
[BlackRD "49"]
[GameID "395088"]

1. e4 e5 2. Nf3 Nc6 3. Bc4 Bc5 4. b4 Bb6 5. Bb2 d6 6. a4 a6 7. b5 axb5 8. axb5 Rxa1 9. Bxa1 Nce7 10. d4 f6
11. dxe5 dxe5 12. Bf7+
1-0

[Event "Daro"]
[Site "SchemingMind.com"]
[Date "2016.02.15"]
[Round "-"]
[White "John Willis"]
[Black "clare1347"]
[Result "0-1"]
[WhiteCountry "USA"]
[BlackCountry "ENG"]
[WhiteElo "1626"]
[WhiteRD "105"]
[BlackElo "2308"]
[BlackRD "91"]
[GameID "395332"]

1. Nf3 Nf6 2. c4 e6 3. g3 d5 4. Bg2 Be7 5. O-O dxc4 6. Na3 Bxa3 7. bxa3 O-O 8. Qc2 Nc6 9. Bb2 Qd6 10. Bxf6 gxf6
11. Qxc4 e5 12. d3 Rb8 13. Nd2 Nd4 14. Rfe1 Bf5 15. e3 Bxd3 16. Ne4 Ne2+ 17. Kh1 Bxc4 18. Nxd6 cxd6 19. Bf3 Nc3 20. Rec1 Bd5
21. Bxd5 Nxd5 22. Rd1 Nc3 23. Rxd6 Ne4 24. Rd3 Nxf2+ 25. Kg2 Nxd3
0-1

[Event "Daro"]
[Site "SchemingMind.com"]
[Date "2016.02.16"]
[Round "-"]
[White "clare1347"]
[Black "John Willis"]
[Result "1-0"]
[WhiteCountry "ENG"]
[BlackCountry "USA"]
[WhiteElo "2308"]
[WhiteRD "91"]
[BlackElo "1626"]
[BlackRD "105"]
[GameID "395333"]

1. d4 Nf6 2. c4 c5 3. d5 b5 4. Bg5 Ne4 5. Bf4 Qa5+ 6. Nd2 g5 7. Be5 f6 8. Bc3 Nxc3 9. bxc3 d6 10. Qc2 Bg7
11. cxb5 f5 12. Rc1 f4 13. Ngf3 h6 14. Nc4 Qxb5 15. e3 Qd7 16. exf4 O-O 17. fxg5 Bb7 18. Ne3 Qc7 19. Qg6 h5 20. Qe6+ Kh8
21. Nh4 Bc8 22. Ng6+ Kh7 23. Nxf8+ Bxf8 24. Bd3+ Kh8 25. Qf7 e6 26. Qxf8#
1-0

[Event "Daro"]
[Site "SchemingMind.com"]
[Date "2016.02.14"]
[Round "-"]
[White "pmdpsp"]
[Black "Darnell"]
[Result "1-0"]
[WhiteCountry "GER"]
[BlackCountry "CAN"]
[WhiteElo "1803"]
[WhiteRD "94"]
[BlackElo "1484"]
[BlackRD "79"]
[GameID "395369"]

1. c4 Nf6 2. Nc3 g6 3. d4 Bg7 4. e4 d6 5. Bf4 c5 6. d5 Qa5 7. Bd3 Nxe4 8. Bxe4 Bxc3+ 9. bxc3 Qxc3+ 10. Bd2 Qxc4
11. Bf3 Nd7 12. Ne2 Nf6 13. Bc3 Bg4 14. Bxg4 Qxg4 15. O-O
1-0

[Event "Daro"]
[Site "SchemingMind.com"]
[Date "2016.02.14"]
[Round "-"]
[White "Darnell"]
[Black "pmdpsp"]
[Result "0-1"]
[WhiteCountry "CAN"]
[BlackCountry "GER"]
[WhiteElo "1484"]
[WhiteRD "79"]
[BlackElo "1803"]
[BlackRD "94"]
[GameID "395370"]

1. e4 e5 2. Nf3 Nc6 3. Bb5 d6 4. d4 Bd7 5. Nc3 a6 6. Ba4 b5 7. Bb3 exd4 8. Nxd4 Ne5 9. a4 c5 10. Nde2 c4
11. Ba2 Nf6 12. axb5 axb5 13. O-O b4
0-1

[Event "Daro"]
[Site "SchemingMind.com"]
[Date "2016.02.19"]
[Round "-"]
[White "Uzi Mike"]
[Black "Chessibelle"]
[Result "1-0"]
[WhiteCountry "USA"]
[BlackCountry "ENG"]
[WhiteElo "2262"]
[WhiteRD "98"]
[BlackElo "1175"]
[BlackRD "62"]
[GameID "395645"]

1. e4 e5 2. Bc4 Nf6 3. d3 Nc6 4. Nf3 Bb4+ 5. c3 Bc5 6. O-O a6 7. d4 Bd6 8. dxe5 Nxe5 9. Nxe5 Bxe5 10. f4 Bd6
11. e5 Bc5+ 12. Kh1 Ne4 13. Qd5 O-O 14. Qxe4 d6 15. Nd2 g6 16. Qf3 Bf5 17. Qxb7 Qd7 18. Ne4 Bb6 19. Nf6+
1-0

[Event "Daro"]
[Site "SchemingMind.com"]
[Date "2016.02.20"]
[Round "-"]
[White "Chessibelle"]
[Black "Uzi Mike"]
[Result "0-1"]
[WhiteCountry "ENG"]
[BlackCountry "USA"]
[WhiteElo "1175"]
[WhiteRD "62"]
[BlackElo "2262"]
[BlackRD "98"]
[GameID "395646"]

1. Nf3 d5 2. d4 Nf6 3. Nc3 c5 4. e3 Nc6 5. Bb5 e6 6. O-O Bd7 7. Bd3 Qc7 8. g3 c4 9. Be2 Bb4 10. Bd2 a6
11. a3 Bd6 12. Re1 O-O 13. Ne5 Nxe5 14. dxe5 Bxe5 15. f4 Bd6 16. Bf3 Bc6 17. Bg2 Bc5 18. b3 d4 19. Ne2 Bxg2 20. Kxg2 Qc6+
21. Kh3 g5 22. fxg5 Ne4 23. Nxd4 Nf2+ 24. Kh4 Qg2 25. g6 Be7+
0-1

[Event "Daro"]
[Site "SchemingMind.com"]
[Date "2016.02.22"]
[Round "-"]
[White "David Perna-Fraser"]
[Black "Greg Magne"]
[Result "1-0"]
[WhiteCountry "CAN"]
[BlackCountry "CAN"]
[WhiteElo "2330"]
[WhiteRD "64"]
[BlackElo "1777"]
[BlackRD "71"]
[GameID "395746"]

1. e4 c5 2. Nf3 d6 3. d4 cxd4 4. Nxd4 Nf6 5. Nc3 a6 6. f3 e5 7. Nb3 Be6 8. Be3 Nbd7 9. Qd2 Be7 10. O-O-O O-O
11. g4 d5 12. exd5 Bxg4 13. fxg4 Nxg4 14. Kb1 Nxe3 15. Qxe3 Rc8 16. Bd3 f5 17. d6 Bxd6 18. Bxf5 Rxf5 19. Rxd6 Qc7 20. Rd2 Nf6
21. Rhd1 b5 22. Nd5 Nxd5 23. Rxd5 Qxc2+ 24. Ka1 Rf2 25. Qxe5 Rcf8 26. Rd8 a5 27. Nc5 Rf5 28. Rxf8+ Rxf8 29. Qd5+ Kh8 30. Ne6 Rc8
31. Qd8+ Rxd8 32. Rxd8#
1-0

[Event "Daro"]
[Site "SchemingMind.com"]
[Date "2016.02.22"]
[Round "-"]
[White "Greg Magne"]
[Black "David Perna-Fraser"]
[Result "0-1"]
[WhiteCountry "CAN"]
[BlackCountry "CAN"]
[WhiteElo "1777"]
[WhiteRD "71"]
[BlackElo "2330"]
[BlackRD "64"]
[GameID "395747"]

1. d4 Nf6 2. c4 e6 3. Nc3 Bb4 4. Qc2 b6 5. a3 Bxc3+ 6. Qxc3 Bb7 7. f3 d5 8. cxd5 Nxd5 9. Qc2 Qh4+ 10. g3 Qxd4
11. Nh3 Nc6 12. Nf2 O-O-O 13. Bg2 h5 14. O-O h4 15. gxh4 Ne3 16. Bxe3 Qxe3 17. Rad1 Nd4 18. Qa4 Rxh4 19. Qxa7 Nxe2+ 20. Kh1 Rxh2+
21. Kxh2 Rh8+ 22. Nh3 Qf4+ 23. Kh1 Rxh3+ 24. Bxh3 Bxf3+ 25. Bg2 Qh4#
0-1

[Event "Daro"]
[Site "SchemingMind.com"]
[Date "2016.02.24"]
[Round "-"]
[White "Pol MacGilla tSamhais"]
[Black "Kenny Elliott"]
[Result "0-1"]
[WhiteCountry "IRL"]
[BlackCountry "USA"]
[WhiteElo "1213"]
[WhiteRD "97"]
[BlackElo "1543"]
[BlackRD "89"]
[GameID "395787"]

1. e4 c5 2. Nf3 d6 3. d4 cxd4 4. Nxd4 e5 5. Nf3 Bg4 6. h3 Bh5 7. Be2 Nf6 8. O-O Nxe4 9. Nfd2 Bxe2 10. Qxe2 Nxd2
11. Bxd2 Qb6 12. b3 Nc6 13. Nc3 Nd4 14. Qd3 O-O-O 15. Nd5 Qc5 16. Ne3 Qc6 17. c3 Ne6 18. Rac1 Kb8 19. Ng4 Be7 20. Be3 e4
21. Qc2 Bg5 22. Bxg5 Nxg5 23. g3 Nf3+ 24. Kg2 f5 25. Ne3 Rhf8 26. g4 f4 27. Nf5 g6 28. Ng7 Ng5 29. Rce1 e3+ 30. Kg1 Nxh3+
31. Kh2 Ng5 32. fxe3 Nf3+ 33. Rxf3 Qxf3
0-1

[Event "Daro"]
[Site "SchemingMind.com"]
[Date "2016.02.24"]
[Round "-"]
[White "Kenny Elliott"]
[Black "Pol MacGilla tSamhais"]
[Result "1-0"]
[WhiteCountry "USA"]
[BlackCountry "IRL"]
[WhiteElo "1557"]
[WhiteRD "84"]
[BlackElo "1250"]
[BlackRD "94"]
[GameID "395788"]

1. d4 Nf6 2. c4 g6 3. Nc3 Bg7 4. Nf3 O-O 5. e4 d6 6. d5 c5 7. dxc6 Nxc6 8. Be2 e5 9. O-O Be6 10. Bg5 h6
11. Bxf6 Bxf6 12. Qd2 Re8 13. Nd5 Ne7 14. Nxf6+ Kg7 15. Nxe8+
1-0

[Event "Daro"]
[Site "SchemingMind.com"]
[Date "2016.03.08"]
[Round "-"]
[White "chesshub"]
[Black "Evans9EN"]
[Result "1-0"]
[WhiteCountry "FRA"]
[BlackCountry "WLS"]
[WhiteElo "2542"]
[WhiteRD "82"]
[BlackElo "1940"]
[BlackRD "139"]
[GameID "396302"]

1. e4 d6 2. d4 Nf6 3. Nc3 g6 4. Nf3 Bg7 5. Be2 O-O 6. O-O c6 7. h3 Nbd7 8. a4 e5 9. dxe5 dxe5 10. Qd6 Re8
11. Bc4 Bf8 12. Qd3 Qe7 13. Ng5 Nc5 14. Qg3 Nh5 15. Bxf7+ Qxf7 16. Nxf7 Nxg3 17. fxg3 Be6 18. Ng5 Bc4 19. Rd1 Ne6 20. Nxe6 Bxe6
21. Be3 a6 22. Bb6 a5 23. g4 Bb4 24. Nb1 Ra6 25. Be3 Be7 26. b3 Bb4 27. Rd3 Rf8 28. Nd2 Bxd2 29. Rxd2 Raa8 30. Bb6 Rf4
31. Rd6 Kf7 32. g3 Rxe4 33. Rf1+ Ke7 34. Bc5 b6 35. Rd4+ bxc5 36. Rxe4 Bd5 37. Rxe5+ Kd6 38. Rfe1 c4 39. bxc4 Bxc4 40. Re7 h6
41. Rh7 Bd5 42. Rxh6
1-0

[Event "Daro"]
[Site "SchemingMind.com"]
[Date "2016.03.08"]
[Round "-"]
[White "Evans9EN"]
[Black "chesshub"]
[Result "0-1"]
[WhiteCountry "WLS"]
[BlackCountry "FRA"]
[WhiteElo "1943"]
[WhiteRD "137"]
[BlackElo "2560"]
[BlackRD "83"]
[GameID "396303"]

1. d4 Nf6 2. c4 e6 3. Nc3 Bb4 4. e3 O-O 5. Bd3 d5 6. Nf3 c5 7. O-O Nc6 8. a3 Bxc3 9. bxc3 dxc4 10. Bxc4 b6
11. Re1 Bb7 12. e4 h6 13. Bb2 Qc7 14. e5 Nd5 15. Nd2 Rad8 16. Rc1 Nde7 17. Bd3 Ng6 18. Nc4 Nf4 19. Be4 f6 20. exf6 Rxf6
21. f3 b5 22. Nd2 c4 23. a4 a6 24. g3 Nh3+ 25. Kg2 Ng5 26. axb5 axb5 27. f4 Nxe4 28. Nxe4 Rf5 29. Qg4 h5 30. Qe2 e5
31. dxe5 Nxe5 32. fxe5 Rxe5 33. Qc2 Rd3 34. Kf1 Bxe4 35. Kg1 Bb7 36. Re2 Rf5
0-1

[Event "Daro"]
[Site "SchemingMind.com"]
[Date "2016.03.21"]
[Round "-"]
[White "Robert Bruce"]
[Black "redmike"]
[Result "1-0"]
[WhiteCountry "SCO"]
[BlackCountry "SCO"]
[WhiteElo "2250"]
[WhiteRD "61"]
[BlackElo "1907"]
[BlackRD "65"]
[GameID "397123"]

1. f4 e5 2. fxe5 d6 3. exd6 Bxd6 4. Nf3 Nf6 5. d4 Ng4 6. Qd3 c5 7. Qe4+ Be6 8. Ng5 Bxh2 9. Nxe6 Qh4+ 10. Kd2 fxe6
11. Rxh2 Qg5+ 12. e3 Nxh2 13. Qxe6+ Kd8 14. Qd6+ Nd7 15. Qxh2 Rf8 16. Ke1 cxd4 17. Be2 Rc8 18. Na3 dxe3 19. Nc4 Qf5 20. Qg3
1-0

[Event "Daro"]
[Site "SchemingMind.com"]
[Date "2016.03.21"]
[Round "-"]
[White "redmike"]
[Black "Robert Bruce"]
[Result "0-1"]
[WhiteCountry "SCO"]
[BlackCountry "SCO"]
[WhiteElo "1907"]
[WhiteRD "65"]
[BlackElo "2250"]
[BlackRD "61"]
[GameID "397124"]

1. d4 Nf6 2. c4 c5 3. d5 b5 4. a4 bxc4 5. Nc3 d6 6. e4 Ba6 7. f4 g6 8. Nf3 Bg7 9. Be2 O-O 10. O-O Nbd7
11. h3 Rb8 12. g4 Ne8 13. Nd2 Rb4 14. Na2 Rb7 15. Nc3 Qa5 16. Ra3 Nb6 17. f5 Bd4+ 18. Kh1 Nc7
0-1

[Event "Daro"]
[Site "SchemingMind.com"]
[Date "2016.03.25"]
[Round "-"]
[White "clare1347"]
[Black "Transcendent"]
[Result "1-0"]
[WhiteCountry "ENG"]
[BlackCountry "ENG"]
[WhiteElo "2240"]
[WhiteRD "89"]
[BlackElo "1480"]
[BlackRD "57"]
[GameID "397126"]

1. d4 Nf6 2. c4 g6 3. g3 Bg7 4. Bg2 d6 5. Nf3 O-O 6. Nc3 Nbd7 7. O-O e5 8. e4 c6 9. b3 a5 10. dxe5 dxe5
11. Ba3 Re8 12. h3 Bf8 13. Bxf8
1-0

[Event "Daro"]
[Site "SchemingMind.com"]
[Date "2016.03.25"]
[Round "-"]
[White "Transcendent"]
[Black "clare1347"]
[Result "0-1"]
[WhiteCountry "ENG"]
[BlackCountry "ENG"]
[WhiteElo "1480"]
[WhiteRD "57"]
[BlackElo "2240"]
[BlackRD "89"]
[GameID "397127"]

1. d4 d5 2. c4 e6 3. Nf3 Nf6 4. g3 c5 5. cxd5 exd5 6. Nc3 Nc6 7. Bg2 Be7 8. O-O O-O 9. Bf4 c4 10. Ne5 Bf5
11. Re1 Re8 12. Nxd5 Nxd5
0-1

[Event "Daro"]
[Site "SchemingMind.com"]
[Date "2016.03.29"]
[Round "-"]
[White "Uzi Mike"]
[Black "DANDYLIONHONEYBADGER"]
[Result "1-0"]
[WhiteCountry "USA"]
[BlackCountry "USA"]
[WhiteElo "2147"]
[WhiteRD "94"]
[BlackElo "1334"]
[BlackRD "59"]
[GameID "397267"]

1. e4 e5 2. Nf3 f6 3. Bc4 Ne7 4. d4 c6 5. dxe5 b5 6. Bb3 a5 7. a4 Ba6 8. axb5 Bxb5 9. Nc3 Ba6 10. Nh4 g6
11. exf6 Nc8 12. f7+ Ke7 13. Bg5#
1-0

[Event "Daro"]
[Site "SchemingMind.com"]
[Date "2016.03.29"]
[Round "-"]
[White "DANDYLIONHONEYBADGER"]
[Black "Uzi Mike"]
[Result "0-1"]
[WhiteCountry "USA"]
[BlackCountry "USA"]
[WhiteElo "1337"]
[WhiteRD "66"]
[BlackElo "2148"]
[BlackRD "104"]
[GameID "397268"]

1. Nc3 e5 2. e4 Nf6 3. d3 d5 4. f3 d4 5. Nd5 Nxd5 6. exd5 Qxd5 7. b3 Nc6 8. c4 dxc3 9. Ne2 Qa5 10. Nxc3 Qxc3+
11. Bd2 Qd4 12. Rc1 Be6 13. Bc3 Qe3+ 14. Be2 Bc5 15. Qd2 Qf2+ 16. Kd1 Qxg2 17. Rf1 Qxh2 18. Kc2 Nd4+ 19. Bxd4 Bxd4 20. Rh1 Qg3
21. Kb1 c6 22. Rhe1 O-O-O 23. Qa5 Bd5 24. Qxa7 Bxa7 25. Rg1 Bxg1
0-1

[Event "Daro"]
[Site "SchemingMind.com"]
[Date "2016.04.24"]
[Round "-"]
[White "pmdpsp"]
[Black "David Perna-Fraser"]
[Result "0-1"]
[WhiteCountry "GER"]
[BlackCountry "CAN"]
[WhiteElo "1806"]
[WhiteRD "93"]
[BlackElo "2351"]
[BlackRD "67"]
[GameID "398468"]

1. c4 Nf6 2. Nc3 e6 3. d4 Bb4 4. a3 Bxc3+ 5. bxc3 b6 6. Bg5 Bb7 7. e3 h6 8. Bh4 g5 9. Bg3 Ne4 10. Qc2 d6
11. Ne2 Nd7 12. f3 Nxg3 13. Nxg3 h5 14. Bd3 h4 15. Be4 d5 16. cxd5 exd5 17. Bxd5 Bxd5 18. Nf5 Qf6 19. e4 Be6 20. Ne3 h3
21. Qf2 hxg2 22. Qxg2 O-O-O 23. Rc1 Qf4 24. Ke2 f5 25. Qg3 Qxe3+ 26. Kxe3 f4+ 27. Qxf4 gxf4+ 28. Kxf4 Rdf8+ 29. Ke3 Rh3 30. Rcf1 Bg4
31. Rf2 Rhxf3+ 32. Rxf3 Rxf3+ 33. Kd2 Rf2+ 34. Ke3 Ra2 35. h4 Rxa3 36. Kf4 Bh5 37. Kg5 Bf3 38. Rh3 Bxe4 39. h5 Ra5+ 40. Kf4 Nf6
41. h6 Bh7 42. Kf3 Rh5 43. Kg3 Rxh3+
0-1

[Event "Daro"]
[Site "SchemingMind.com"]
[Date "2016.04.25"]
[Round "-"]
[White "David Perna-Fraser"]
[Black "pmdpsp"]
[Result "1-0"]
[WhiteCountry "CAN"]
[BlackCountry "GER"]
[WhiteElo "2351"]
[WhiteRD "67"]
[BlackElo "1806"]
[BlackRD "93"]
[GameID "398469"]

1. e4 e5 2. Nf3 Nc6 3. Bc4 d6 4. d4 Bd7 5. c3 Na5 6. Bd3 h6 7. dxe5 dxe5 8. Nxe5 Bd6 9. Qh5 Be6 10. Nxf7 Bxf7
11. Qxa5 Qd7 12. Be3 a6 13. Nd2 Ne7 14. Nc4 Nc6 15. Qf5 O-O-O 16. Nxd6+ cxd6 17. Qxd7+ Rxd7 18. e5 Kc7 19. exd6+ Rxd6 20. O-O-O Re8
21. Bf4 Ne5 22. Bc2 g5 23. Rxd6 Kxd6 24. Rd1+ Kc6 25. Be4+ Kc7 26. Bxe5+ Rxe5 27. Bxb7 Kxb7 28. Rd7+ Kb6 29. Rxf7 Re6 30. Kc2 Kc6
31. a4 Kc5 32. b4+ Kb6 33. Kb3 Kc6 34. Rf5 Rd6 35. b5+ Kb6 36. bxa6 Kxa6 37. Kb4 Rb6+ 38. Rb5 Rf6 39. f3 Re6 40. Rf5 Rg6
41. c4 Rb6+ 42. Rb5 Re6 43. c5 Rc6 44. Rb6+ Rxb6+ 45. cxb6
1-0

[Event "Daro"]
[Site "SchemingMind.com"]
[Date "2016.07.01"]
[Round "-"]
[White "David Perna-Fraser"]
[Black "clare1347"]
[Result "1/2-1/2"]
[WhiteCountry "CAN"]
[BlackCountry "ENG"]
[WhiteElo "2347"]
[WhiteRD "68"]
[BlackElo "2247"]
[BlackRD "86"]
[GameID "400981"]

1. e4 e5 2. Nf3 Nc6 3. Bb5 a6 4. Ba4 Nf6 5. O-O Nxe4 6. d4 b5 7. Bb3 d5 8. dxe5 Be6 9. Nbd2 Nc5 10. c3 d4
11. Bxe6 Nxe6 12. cxd4 Ncxd4 13. Nb3 Nxb3 14. Qxb3 Be7 15. Rd1 Qc8 16. a4 Rb8 17. axb5 axb5 18. Ra5 Qb7 19. Be3 O-O 20. Ra7 Qc6
21. Rc1 Qe4 22. Re1 Rfe8 23. h3 Qb4 24. Qxb4 Bxb4 25. Rc1 h6 26. Kf1 Red8 27. Ke2 Rd5 28. h4 Rbd8 29. g3 R8d7 30. Ra8+ Kh7
31. h5 c5 32. b3 Rd3 33. Rb8 Rxb3 34. Rxb5 Rb2+ 35. Kf1 Rb3 36. Rc2 Ra3 37. Kg2 Rd5 38. Rb7 Kg8 39. Rb8+ Kh7=
1/2-1/2